[Event "Mechanics' Summer TNM; G/2 d5"]
[Site "San Francisco"]
[Date "2017.07.18"]
[Round "8.31"]
[White "Garfield, Nicholas"]
[Black "Sherwood, Peter"]
[Result "0-1"]
[WhiteElo "1104"]
[BlackElo "1663"]
[Annotator "Donaldson"]
[PlyCount "74"]
[EventDate "2017.??.??"]

1. d4 d5 2. c4 c6 3. Nc3 Nf6 4. Nf3 dxc4 5. e4 (5. a4 {
is the main line of the Classical Slav.}) 5... Nbd7 $6 {
This gives White everything he wants. Correct is} (5... b5 {
hanging on to the pawn.}) 6. Bxc4 e6 7. Bg5 (7. O-O {is more flexible.}) 7...
Be7 8. e5 (8. O-O) 8... Nd5 9. Bxe7 Nxe7 10. Ne4 O-O 11. Nfg5 $2 (11. O-O)
11... Nb6 12. Bb3 Nbd5 (12... Nf5 13. g4 Nxd4 14. Qd3 f5 {with a real mess.})
13. Qc2 Ng6 ({threatening} 13... -- 14. Nxh7 {and if} Kxh7 15. Nf6+ Kh6 (15...
Kh8 16. Qh7#) 16. Qh7+ Kg5 17. Qh5+ Kf4 18. g3#) (13... Nf5 14. g4 Nxd4 15.
Nf6+ Nxf6) 14. O-O-O (14. O-O {gives White a clear advantage.}) 14... h6 15. h4
$2 (15. Nf3 a5 {and White's king on b1 gives Black a taget to compensate for
the White knight coming to d6.}) 15... hxg5 16. hxg5 Re8 (16... Qc7 17. Qe2 Rd8
18. Qh5 Kf8 {and Black's king finds safety on e7.}) 17. Bxd5 $2 Qxd5 (17...
exd5 $142 {(Sherwood)}) 18. Kb1 b6 19. Nd6 (19. Nf6+ $6 gxf6 20. gxf6 {
looks promising, but Black can defend} Ba6 {
covers d3, preventing Rd1-d3-g3 (Sherwood)} 21. Rh6 Qxg2 22. Rdh1 Red8 23. Rh8+
Nxh8 24. Qh7+ Kf8 25. Qxh8+ Qg8) 19... Rd8 20. Rh2 Rxd6 $1 ({Fritz likes} 20...
c5 21. dxc5 Qxe5 22. Rdh1 Kf8) 21. exd6 Qxd6 22. g3 Qd5 23. f4 Qf5 24. Qxf5 (
24. Rd3 Ba6 {(Sherwood)}) 24... exf5 25. Rc1 Bb7 26. Rhc2 Ne7 27. b4 Rc8 28. b5
c5 29. Rc4 Bd5 30. Ra4 Rc7 31. dxc5 bxc5 32. Ra6 Nc8 33. a4 Bb7 34. Ra5 Nb6 35.
Rxa7 $4 Be4+ 36. Kb2 Rxa7 37. Rxc5 $4 Nxa4+ 0-1

[Event "Mechanics' Peter Grey TNM; G/2 d5"]
[Site "San Francisco"]
[Date "2017.08.15"]
[Round "2.29"]
[White "Garfield, Nicholas"]
[Black "Tamondong, Cesar"]
[Result "0-1"]
[WhiteElo "1192"]
[BlackElo "1600"]
[PlyCount "46"]
[EventDate "2017.??.??"]

1. d4 Nf6 2. c4 g6 3. Nc3 Bg7 4. Nf3 d6 5. e4 O-O 6. Bd3 Nbd7 7. Bg5 h6 8. Bh4
e5 9. Nd5 c6 10. Nxf6+ Bxf6 11. Bxf6 Qxf6 12. d5 cxd5 13. cxd5 Nc5 14. O-O Nxd3
15. Qxd3 Bd7 16. Qd2 Kh7 17. Qb4 b6 18. Nd2 Rac8 19. Nc4 Rc5 20. Rac1 Rfc8 21.
b3 b5 22. Nxd6 Qxd6 23. Rxc5 Qxc5 0-1

[Event "Mechanics' Winter TNM; G/2"]
[Site "San Francisco"]
[Date "2017.01.31"]
[Round "5.16"]
[White "Giridharan, Durgas"]
[Black "Warton, Philip"]
[Result "0-1"]
[WhiteElo "1482"]
[BlackElo "1799"]
[PlyCount "96"]
[EventDate "2017.??.??"]

1. e4 c5 2. Nf3 d6 3. d4 cxd4 4. Nxd4 Nf6 5. Nc3 e6 6. Be3 Be7 7. f3 a6 8. Qd2
Qc7 9. Be2 b5 10. a3 Bb7 11. O-O O-O 12. Bd3 Nbd7 13. Nb3 d5 14. exd5 Bxd5 15.
Bf4 Qb7 16. Rad1 Bxb3 17. cxb3 Nc5 18. Bc2 Rad8 19. Qe3 b4 20. Bg5 bxc3 21.
Bxf6 gxf6 22. g4 Rxd1 23. Rxd1 Nxb3 24. Qh6 f5 25. gxf5 Bc5+ 26. Kg2 f6 27.
fxe6 Nd4 28. Be4 Qg7+ 29. Qxg7+ Kxg7 30. bxc3 Nxe6 31. Rd7+ Rf7 32. Rxf7+ Kxf7
33. a4 Nf4+ 34. Kf1 h6 35. a5 Bd6 36. Bb7 Bc7 37. Bxa6 Bxa5 38. c4 Bb4 39. Bb7
Ke6 40. Kf2 Ke5 41. Bd5 Nxd5 42. cxd5 Kxd5 43. Kg3 Ke5 44. Kg4 f5+ 45. Kh5 Kf4
46. Kg6 h5 47. Kf6 Be7+ 48. Ke6 h4 0-1

[Event "Mechanics' Peter Grey TNM; G/2 d5"]
[Site "San Francisco"]
[Date "2017.08.08"]
[Round "1.15"]
[White "Giridharan, Durgashankar"]
[Black "Lum, Michael K"]
[Result "0-1"]
[WhiteElo "1469"]
[BlackElo "1981"]
[PlyCount "42"]
[EventDate "2017.??.??"]

1. e4 c6 2. d4 d5 3. Nc3 dxe4 4. Nxe4 Nf6 5. Nxf6+ gxf6 6. Bf4 Bf5 7. Qd2 e6 8.
O-O-O Bd6 9. Nf3 Qc7 10. Bg3 Nd7 11. Bd3 Bg4 12. Qe3 O-O-O 13. Kb1 Kb8 14. Bh4
Rc8 15. h3 Bh5 16. g4 Bg6 17. Nd2 Bf4 18. Qf3 h5 19. Ne4 hxg4 20. hxg4 f5 21.
Bf6 $4 fxe4 0-1

[Event "Mechanics' Fall TNM; G/2 d5"]
[Site "San Francisco"]
[Date "2017.10.24"]
[Round "1.18"]
[White "Giridharan, Durgashankar"]
[Black "Maser, Thomas F"]
[Result "0-1"]
[WhiteElo "1484"]
[BlackElo "1945"]
[Annotator "Donaldson"]
[PlyCount "54"]
[EventDate "2017.??.??"]

1. e4 e5 2. Nf3 Nc6 3. Bc4 Nf6 4. d3 Be7 5. O-O d6 6. c3 O-O 7. Bb3 Bg4 8. Nbd2
Qd7 9. Re1 Rad8 10. Nf1 Na5 11. Bc2 c5 12. d4 $2 (12. h3) 12... cxd4 13. cxd4
exd4 14. h3 (14. Qxd4 Bxf3 15. gxf3 Nc6 16. Qd1 Qh3) 14... Bh5 (14... Bxf3 15.
Qxf3 Rc8) 15. Ng3 Bxf3 16. Qxf3 Nc6 17. Nf5 Ne5 (17... Rfe8) (17... d5 18. e5
Ne4 19. Bxe4 dxe4 20. Qxe4 Qd5 $11) 18. Qd1 d3 19. Bxd3 Rfe8 20. Nxe7+ Qxe7 21.
Bc2 (21. Bb5) 21... d5 22. f4 $4 (22. Bg5 dxe4 23. Qe2 Nd3 24. Bxf6 gxf6 25.
Bxd3 Rxd3 26. Rad1 $11) 22... dxe4 23. Qe2 Nd3 24. Be3 Nxe1 25. Rxe1 b6 26. Ba4
Rf8 27. Rc1 Nd5 0-1

[Event "Mechanics' Peter Grey TNM; G/2 d5"]
[Site "San Francisco"]
[Date "2017.09.12"]
[Round "6.31"]
[White "Giridharan, Durgashankar"]
[Black "Standen, Julian"]
[Result "1-0"]
[WhiteElo "1469"]
[BlackElo "1614"]
[PlyCount "127"]
[EventDate "2017.??.??"]

1. e4 c6 2. d4 d5 3. Nc3 dxe4 4. Nxe4 Bf5 5. Ng3 Bg6 6. h4 h6 7. h5 Bh7 8. Be3
Nf6 9. Be2 e6 10. Qd2 Bd6 11. Bf4 Qc7 12. Bxd6 Qxd6 13. O-O-O Nbd7 14. Nf3 O-O
15. Bd3 Rad8 16. Bxh7+ Kxh7 17. Qd3+ Kh8 18. Ne4 Qf4+ 19. Ned2 Nc5 20. Qe3 Qxe3
21. fxe3 Nce4 22. Nxe4 Nxe4 23. Rde1 Kh7 24. g4 f6 25. Nh4 Rfe8 26. Ng6 Rd5 27.
Rhf1 Rg5 28. Rf4 f5 29. Ne5 Kg8 30. Ref1 Nd6 31. Rg1 fxg4 32. Nxg4 Rf8 33.
Rxf8+ Kxf8 34. Rf1+ Ke8 35. Ne5 Rxh5 36. Rg1 Ne4 37. b3 Rg5 38. Rf1 Rf5 39. Rg1
Rg5 40. Rf1 h5 41. Rf7 h4 42. Rxb7 h3 43. Rxa7 Rh5 44. Ra8+ Ke7 45. Ra7+ Kf6
46. Rf7+ Kg5 47. Rxg7+ Kh6 48. Rg6+ Kh7 49. Rg1 h2 50. Rh1 Nf2 51. Rxh2 Rxh2
52. Nxc6 Ne4 53. a4 Nd6 54. Kd1 Kg7 55. c4 Kf7 56. c5 Nc8 57. b4 Ke8 58. b5 Kd7
59. a5 Kc7 60. a6 Rb2 61. a7 Kb7 62. b6 Ra2 63. Nd8+ Ka8 64. b7+ 1-0

[Event "Mechanics' Fall TNM; G/2 d5"]
[Site "San Francisco"]
[Date "2017.11.14"]
[Round "4.25"]
[White "Giridharan, Durgashankar"]
[Black "Wantz, Brian"]
[Result "1-0"]
[WhiteElo "1484"]
[BlackElo "1292"]
[PlyCount "73"]
[EventDate "2017.??.??"]

1. e4 e5 2. Nf3 Nc6 3. d4 exd4 4. Bc4 Bb4+ 5. c3 dxc3 6. bxc3 Ba5 7. O-O d6 8.
Qd5 Be6 9. Qd3 Bxc4 10. Qxc4 Nf6 11. Bg5 h6 12. Bh4 O-O 13. Nbd2 Ne5 14. Nxe5
dxe5 15. Nf3 Re8 16. Rfd1 Qe7 17. Bg3 Nd7 18. Qa4 Bxc3 19. Rxd7 Qc5 20. Qb3 Re6
21. Rc1 Qc6 22. Rd5 Qb6 23. Qxc3 Rc6 24. Rc5 Rd8 25. Rxc6 bxc6 26. Nxe5 Qb5 27.
Qb3 Qe2 28. Qxf7+ Kh7 29. Qf3 Qxa2 30. Nxc6 Qd2 31. Rf1 Rd3 32. Qf5+ Kh8 33.
Qf8+ Kh7 34. Ne7 Rd8 35. Qf5+ Kh8 36. Be5 Qc2 37. Qf7 1-0

[Event "Mechanics' Peter Grey TNM; G/2 d5"]
[Site "San Francisco"]
[Date "2017.08.22"]
[Round "3.29"]
[White "Giridharan, Durgashankar"]
[Black "Yanofsky, Kevin"]
[Result "0-1"]
[WhiteElo "1469"]
[BlackElo "1771"]
[PlyCount "22"]
[EventDate "2017.??.??"]

1. e4 c5 2. Nf3 g6 3. d4 cxd4 4. Nxd4 Nc6 5. Nc3 Bg7 6. Be3 Nf6 7. Bc4 O-O 8.
Nxc6 dxc6 9. O-O Ng4 10. Bd2 Qc7 11. Qe2 Qxh2# 0-1

[Event "Mechanics' Summer TNM; G/2 d5"]
[Site "San Francisco"]
[Date "2017.06.20"]
[Round "5.13"]
[White "Goins, Demetrius"]
[Black "Babayan, Gagik"]
[Result "1-0"]
[WhiteElo "2139"]
[BlackElo "1807"]
[Annotator "Winslow,E"]
[PlyCount "65"]
[EventDate "2017.??.??"]

1. d4 Nf6 2. Nf3 g6 3. Bg5 Bg7 4. Nbd2 d6 (4... O-O 5. e4 (5. e3 d6) (5. c3 $5
d6 6. e4 c5) 5... d5 $5) 5. e4 O-O 6. Bc4 c5 7. dxc5 dxc5 8. O-O Nc6 9. c3 Qc7
{most popular} 10. Qe2 (10. Re1) (10. Qc2) 10... e5 $6 {I'm hesitant to "give"
White d5, although I look ahead and see in this game nothing ever landed there.
.. I'm amused by the two best-scoring (if you include frequency) moves:} (10...
Na5 $5 {and}) (10... Nh5 $5) 11. h3 Re8 12. Qe3 b6 13. Bh6 a6 14. a4 Be6 15.
Be2 Qe7 16. Rfd1 Qf8 17. Bxg7 Kxg7 18. Ng5 Bd7 19. Nc4 h6 $2 20. Nxb6 Ra7 21.
Nxd7 Rxd7 22. Rxd7 Nxd7 23. Nf3 {"I hate to eat and run, but..."} a5 24. Bb5
Qd6 25. Qd2 Qxd2 26. Nxd2 Ndb8 27. Nb3 Rd8 28. Nxc5 (28. Kf1) 28... Rd2 29. Rb1
f5 30. Kf1 {There's still no room to keep the rook there.} f4 31. Nd3 {Uh-oh!}
Kf6 32. Ke1 Rxd3 33. Bxd3 1-0

[Event "Mechanics' Peter Grey TNM; G/2 d5"]
[Site "San Francisco"]
[Date "2017.09.12"]
[Round "6.5"]
[White "Goins, Demetrius"]
[Black "Dougal, Michael"]
[Result "1-0"]
[WhiteElo "2144"]
[BlackElo "1914"]
[PlyCount "73"]
[EventDate "2017.??.??"]

1. d4 Nf6 2. Nf3 g6 3. Bg5 Bg7 4. Nbd2 O-O 5. e4 d6 6. Bc4 Nc6 7. c3 e5 8. dxe5
Nxe5 9. Nxe5 dxe5 10. Qb3 c6 11. a4 a5 12. Rd1 Qc7 13. O-O Ng4 14. f3 h6 15.
fxg4 hxg5 {Diagram [#]} 16. Rxf7 $1 Rxf7 17. Rf1 b5 18. Bxf7+ Kh7 19. axb5 Qb6+
20. Kh1 cxb5 21. Bg8+ Kh8 22. Bd5 Ra7 23. Qd1 Bf6 24. Qf3 Kg7 25. h3 Ba6 26.
Nb3 Bb7 27. Bxb7 Rxb7 28. Nxa5 Ra7 29. Nb3 b4 30. cxb4 Rc7 31. Nc5 Re7 32. Na4
Qd6 33. Nc3 Qd4 34. Qxf6+ Kh6 35. h4 Rf7 36. hxg5+ Kh7 37. Qxf7+ 1-0

[Event "Mechanics' Peter Grey TNM; G/2 d5"]
[Site "San Francisco"]
[Date "2017.08.29"]
[Round "4.10"]
[White "Goins, Demetrius"]
[Black "Newey, Richard"]
[Result "1-0"]
[WhiteElo "2144"]
[BlackElo "1755"]
[PlyCount "53"]
[EventDate "2017.??.??"]

1. e4 e5 2. Nf3 Nc6 3. Bc4 Bc5 4. d4 exd4 5. c3 Nf6 6. e5 Ne4 7. Bd5 Nxf2 8.
Kxf2 dxc3+ 9. Kg3 O-O 10. Nxc3 d6 11. Bxc6 bxc6 12. Ne4 Bb6 13. Re1 d5 14. Nc3
Be6 15. Na4 h6 16. Be3 Qd7 17. Bc5 Rfe8 18. Nd4 Bxc5 19. Nxc5 Qe7 20. Rc1 Qg5+
21. Kf2 Qf4+ 22. Kg1 Bg4 23. Qd3 Rxe5 24. Nxc6 Rg5 25. Qg3 Qd2 26. h4 Bh3 27.
hxg5 1-0

[Event "Mechanics' Peter Grey TNM; G/2 d5"]
[Site "San Francisco"]
[Date "2017.08.15"]
[Round "2.20"]
[White "Goins, Demetrius"]
[Black "Porlares, Teodoro"]
[Result "1/2-1/2"]
[WhiteElo "1861"]
[BlackElo "1750"]
[Annotator "Donaldson"]
[PlyCount "77"]
[EventDate "2017.??.??"]

1. d4 Nf6 2. Nf3 e6 3. c4 Bb4+ 4. Bd2 Be7 5. Nc3 O-O 6. e4 d6 7. Bd3 c5 8. O-O
cxd4 9. Nxd4 Nc6 10. Be3 Ne5 11. Be2 Bd7 12. f3 a6 13. Qd2 Qc7 14. Rac1 Nc6 {
Diagram [#]} 15. Rfd1 (15. Nd5 $1 {
is the thematic move in such positions. After} exd5 16. cxd5 {
White covers the piece while retaining a clear positional advantage.}) 15...
Nxd4 16. Bxd4 Bc6 17. Nd5 Bxd5 18. cxd5 Qd7 19. Bxf6 gxf6 $6 (19... Bxf6 20.
dxe6 Qxe6 {keeps Black's disadvantage to a minimum.}) 20. dxe6 fxe6 21. Bc4 Kh8
22. Qh6 b5 23. Bb3 Rac8 24. Rxc8 Rxc8 25. e5 $1 Qa7+ 26. Kh1 fxe5 27. Qxe6 Qc7
28. h3 a5 29. Bd5 Rd8 30. Be4 Bg5 31. Qf5 $2 (31. g3 $1 a4 32. h4 Qe7 33. Qxe7
Bxe7 34. Rd5 Rb8 35. Kg2 {with a clear advantage for White.}) 31... Qe7 32. g3
Rf8 33. Qg4 Be3 34. Qh5 Rg8 $2 (34... Rf7 35. Rxd6 $4 (35. Bd5 $14) 35... Qxd6
36. Qxf7 Qd1+) 35. Rxd6 Rxg3 36. Bg6 h6 37. Rc6 Bf4 $2 (37... Qg5 $1) 38. Qf5
Kg7 39. Re6 1/2-1/2

[Event "Mechanics' Summer TNM; G/2 d5"]
[Site "San Francisco"]
[Date "2017.07.11"]
[Round "7.8"]
[White "Goins, Demetrius"]
[Black "Sarafian, Greg"]
[Result "1-0"]
[WhiteElo "2139"]
[BlackElo "1929"]
[PlyCount "68"]
[EventDate "2017.??.??"]

1. d4 Nf6 2. c4 e6 3. Nf3 d5 4. Nc3 dxc4 5. e3 a6 6. a4 c5 7. Bxc4 Nc6 8. O-O
Be7 9. Qe2 O-O 10. Rd1 Qc7 11. e4 cxd4 12. Nxd4 Ne5 13. Bf4 Bd6 14. Ba2 Nf3+
15. Nxf3 Bxf4 16. e5 Nd7 17. Re1 Bh6 18. Rad1 b6 19. Bb1 g6 20. Rd4 Bb7 21. Be4
Bg7 22. Bxb7 Qxb7 23. Red1 Nb8 24. Rd8 Qc7 25. R8d6 Qb7 26. Qc4 Re8 27. Ne4 b5
28. Qc2 Qe7 29. Qc3 Kh8 30. Nf6 Rf8 31. Ng5 h6 32. Ngh7 bxa4 33. Nxf8 Bxf8 34.
Rd8 Kg7 1-0

[Event "Mechanics' Peter Grey TNM; G/2 d5"]
[Site "San Francisco"]
[Date "2017.09.19"]
[Round "7.3"]
[White "Goins, Demetrius"]
[Black "Tracy, Joseph"]
[Result "0-1"]
[WhiteElo "2144"]
[BlackElo "2106"]
[Annotator "Donaldson"]
[PlyCount "95"]
[EventDate "2017.??.??"]

1. d4 Nf6 2. Nf3 e6 3. c4 b6 4. a3 Bb7 5. Nc3 d5 6. cxd5 exd5 7. Bg5 Nbd7 8. e3
Be7 9. Bb5 a6 10. Be2 Ne4 11. Bxe7 Qxe7 12. Rc1 O-O 13. O-O f5 14. b4 Kh8 15.
Qb3 Qd6 16. b5 a5 17. Rc2 Rae8 18. Rfc1 Rf6 19. Nxe4 fxe4 20. Ng5 Rc8 21. h4 (
21. Bg4) 21... c5 22. bxc6 Rxc6 23. Bb5 Rxc2 24. Qxc2 Nf8 25. a4 h6 {
Diagram [#]} 26. Nh3 $2 (26. Qc7 $1 hxg5 27. hxg5 Rg6 28. Qxb7 Rxg5 29. Rc6 Qd8
30. Qf7 $18) 26... Ne6 27. Bc6 $2 Nxd4 28. exd4 Qxc6 29. Qd1 Qd7 30. Rc3 Ba6
31. Kh2 Bc4 32. g3 Kg8 33. Kg2 Qf5 34. h5 Qd7 35. Nf4 Qd6 36. Qg4 Qc6 37. Nxd5
$2 Qxd5 $2 (37... e3 $1) 38. Qc8+ Kh7 39. Qxc4 Qxh5 40. d5 Qf5 41. Qd4 Rd6 42.
Re3 Qxd5 43. Qxe4+ Qxe4+ 44. Rxe4 Kg6 45. Re7 Kf6 46. Re4 Rd5 47. Kf3 Rf5+ 48.
Kg2 {Bkack later won the rook ending in a mutual time scramble. The remaining
moves are unavailable.} 0-1

[Event "Mechanics' Fall TNM; G/2 d5"]
[Site "San Francisco"]
[Date "2017.11.07"]
[Round "3.13"]
[White "Gomboluudev, Enkhjin"]
[Black "Askin, David"]
[Result "1-0"]
[WhiteElo "1665"]
[BlackElo "1977"]
[Annotator "Winslow,E"]
[PlyCount "29"]
[EventDate "2017.??.??"]

1. d4 Nf6 2. c4 g6 3. Nc3 d5 4. Nf3 Bg7 5. Bf4 O-O 6. e3 c5 7. dxc5 Qa5 8. Rc1
Rd8 9. Nd4 ({Relevant:} 9. Qa4 Qxc5 10. b4 Qc6 11. Qa3 dxc4 12. b5 Qb6 13. Bxc4
Be6 14. Bxe6 Qxe6 15. O-O Nbd7 16. Ng5 Qf5 17. Qxe7 Nh5 18. Rfd1 Nxf4 19. exf4
Bf8 20. Qe4 Qxe4 21. Ncxe4 Nb6 22. g3 Rxd1+ 23. Rxd1 Be7 24. Nf3 Rc8 25. Ne5
Rc7 26. Kg2 f6 27. Nf3 Kf7 28. h4 Rc2 29. a4 Ra2 30. Nc3 Ra3 31. Rc1 Nxa4 32.
Ne4 Rd3 33. Rc7 Ke6 34. Rxb7 Rd7 35. Rb8 Rd8 36. Rb7 Rd7 37. Rxd7 Kxd7 38. Nd4
f5 {Ivanchuk,V (2757)-Carlsen,M (2872) London 2013 1/2-1/2}) 9... dxc4 10. Bxc4
Ne4 $2 $146 {[#]} ({Predecessor:} 10... Qxc5 11. Qe2 e5 12. Nb3 Qc6 13. Bxe5
Qxg2 14. Rf1 Nc6 15. Bc7 Re8 16. Rd1 Bh3 17. Kd2 Rac8 18. Rg1 Ne4+ 19. Nxe4
Qxe4 20. f3 Qe7 21. Bf4 Qb4+ 22. Kc2 Qxc4+ 23. Qxc4 Nb4+ 24. Kb1 Rxc4 25. Rc1
Rxc1+ 26. Rxc1 Nd3 27. Rc7 Nxf4 28. exf4 Bf5+ {
0-1 (28) Nadirashvili,S (2151) -Aggelis,N (2352) Athens 2012}) 11. Qf3 $1 Nxc3
12. Rxc3 (12. Bxf7+ $5 Kh8 13. bxc3 Qxc5 14. h4) 12... e5 $2 13. Bg5 exd4 {[#]}
14. Qxf7+ Kh8 15. Bf6 1-0

[Event "Mechanics' Fall TNM; G/2 d5"]
[Site "San Francisco"]
[Date "2017.11.28"]
[Round "6.11"]
[White "Gomboluudev, Enkhjin"]
[Black "Clemens, Kristian"]
[Result "1-0"]
[WhiteElo "1665"]
[BlackElo "1938"]
[Annotator "Donaldson"]
[PlyCount "80"]
[EventDate "2017.??.??"]

1. d4 d5 2. c4 e6 3. Nc3 Be7 4. Nf3 Nf6 5. Bg5 Nbd7 6. e3 O-O 7. Rc1 c6 8. Bd3
dxc4 9. Bxc4 Nd5 10. Bxe7 Qxe7 11. O-O Nxc3 12. Rxc3 e5 13. Qc2 e4 14. Nd2 Nf6
15. h3 $6 (15. Rc1 {and}) (15. Bb3 {
are most commonly seen. The text only weakens White's kingside.}) 15... Bf5 16.
Qc1 Bg6 17. Bb3 Rfe8 18. a3 Bh5 19. Bc2 Rad8 20. b4 Rd5 21. Rc5 Red8 22. Bb3
Rxc5 23. bxc5 (23. Qxc5 $1) 23... h6 24. Re1 Nd7 25. Qc2 Bg6 26. Rc1 Bf5 27. a4
g5 28. Nc4 Bg6 29. Qb1 g4 $2 30. hxg4 Kh7 31. a5 a6 32. Bd1 Nf6 33. Nd6 Rd7 34.
Qb3 Ne8 35. Nc4 f6 36. Be2 Bf7 37. Qb6 Bxc4 38. Bxc4 Qg7 39. Be6 Rc7 40. Bf5+
Qg6 {Touch move, but Black was losing anyway.} 1-0

[Event "Mechanics' Fall TNM; G/2 d5"]
[Site "San Francisco"]
[Date "2017.12.12"]
[Round "8.13"]
[White "Gomboluudev, Enkhjin"]
[Black "Marcus, Joel"]
[Result "0-1"]
[WhiteElo "1665"]
[BlackElo "1920"]
[PlyCount "86"]
[EventDate "2017.??.??"]

1. d4 d6 2. c4 Nf6 3. Nc3 Nbd7 4. e4 e5 5. d5 Be7 6. Nf3 c6 7. Be3 Qc7 8. Rc1
O-O 9. h3 Re8 10. Be2 a5 11. O-O Nf8 12. Qc2 Ng6 13. b3 Bd8 14. Qd2 Qe7 15.
Rfd1 c5 16. Bf1 h6 17. a4 Nh7 18. Bd3 Nf6 19. Ne1 Nh5 20. Bf1 Nhf4 21. Nd3 Qg5
22. Kh2 Qf6 23. g3 Nxd3 24. Qxd3 h5 25. Qd2 h4 26. Bg2 Nf8 27. Qe2 Nh7 28. Qh5
g6 29. Qxh4 Qg7 30. Qh6 Qf6 31. f4 Be7 32. fxe5 Qxe5 33. Qf4 (33. Nb5) 33...
Qg7 34. Rf1 Bg5 35. Qf2 Bxe3 36. Qxe3 Bd7 37. Qf4 Re5 38. Nb5 Bxb5 39. cxb5 Rf8
40. h4 Rfe8 41. Rf2 g5 42. hxg5 Nxg5 43. Rc4 R8e7 {White played well and was
better for much of the game, but lost on time here in a position with roughly
equal chances.} 0-1

[Event "Mechanics' Fall TNM; G/2 d5"]
[Site "San Francisco"]
[Date "2017.11.28"]
[Round "6.8"]
[White "Gray, William"]
[Black "Argo, Guy"]
[Result "1/2-1/2"]
[WhiteElo "1983"]
[BlackElo "1942"]
[Annotator "Donaldson"]
[PlyCount "52"]
[EventDate "2017.??.??"]

1. e4 e5 2. Nf3 f5 3. Nxe5 Qf6 4. Nc4 fxe4 5. Nc3 Qe6 6. Ne3 c6 7. d3 Bb4 8.
dxe4 Nf6 9. Bc4 Qxe4 10. O-O Bxc3 11. bxc3 d5 {Diagram [#]} 12. Nxd5 $1 Qxc4
13. Nxf6+ $2 (13. Re1+ $1 Kf7 (13... Kd8 14. Nb6+) (13... Kf8 14. Nxf6) 14.
Re7+ Kf8 (14... Kg6 15. Nf4+) 15. Nb6) 13... gxf6 $11 14. Ba3 Bf5 $2 (14... Qd5
) 15. Qd6 (15. Re1+ Kf7 16. Qh5+ Bg6 17. Re7+ Kg8 18. Qh6) 15... Kf7 16. Rfe1
Na6 17. Re7+ Kg6 18. Rae1 Rad8 19. Qg3+ Qg4 20. Qe3 Rd1 (20... Qg5) 21. h3
Rxe1+ 22. Qxe1 Qa4 23. Qe3 Qxa3 24. Qg3+ Kh5 25. Qf3+ Kg6 26. Qg3+ Kh5 1/2-1/2

[Event "Mechanics' Summer TNM; G/2 d5"]
[Site "San Francisco"]
[Date "2017.06.20"]
[Round "5.23"]
[White "Gray, William"]
[Black "Dupree, Charles"]
[Result "1-0"]
[WhiteElo "1986"]
[BlackElo "1636"]
[PlyCount "109"]
[EventDate "2017.??.??"]

1. e4 c5 2. Nf3 e6 3. d4 cxd4 4. Nxd4 a6 5. c4 Qc7 6. Nc3 Nf6 7. a3 b6 8. Be3
Bb7 9. f3 Nc6 10. Be2 Ne5 11. Rc1 Be7 12. O-O O-O 13. Na4 d6 14. Kh1 Ned7 15.
b4 Rac8 16. Qd2 Qb8 17. Nb3 Bc6 18. Nc3 Qa8 19. Nd4 Bb7 20. Na4 Qb8 21. Rc2 d5
22. exd5 exd5 23. Nf5 Bd6 24. Nxd6 Qxd6 25. Rfc1 Qe6 26. c5 bxc5 27. Nxc5 Nxc5
28. Bxc5 Rfe8 29. Bf1 Nd7 30. Bd4 Nb6 31. Rxc8 Nxc8 32. Qb2 f6 33. b5 axb5 34.
Bxb5 Re7 35. Bd3 Ba6 36. Bxa6 Qxa6 37. Qb8 Re8 38. Qc7 Qxa3 39. Qc6 Rd8 40.
Qe6+ Kh8 41. Rxc8 Qf8 42. Rxd8 Qxd8 43. Bc5 d4 44. Qd6 Qxd6 45. Bxd6 Kg8 46.
Kg1 Kf7 47. Kf1 Ke6 48. Bf8 g6 49. Ke2 Kd5 50. Kd3 f5 51. Bg7 g5 52. Bxd4 Ke6
53. Bb2 h5 54. Bc1 g4 55. Ke3 1-0

[Event "Mechanics' Peter Grey TNM; G/2 d5"]
[Site "San Francisco"]
[Date "2017.09.05"]
[Round "5.13"]
[White "Gray, William"]
[Black "Eastham, Asher"]
[Result "1-0"]
[WhiteElo "1974"]
[BlackElo "1627"]
[Annotator "Donaldson"]
[PlyCount "25"]
[EventDate "2017.??.??"]

1. e4 e5 2. Nf3 Nc6 3. Bb5 a6 4. Ba4 Nf6 5. O-O Nxe4 6. d4 d5 $2 (6... b5 7.
Bb3 d5) 7. Nxe5 Bd7 {Diagram [#]} 8. Nxf7 Kxf7 9. Qh5+ Ke7 10. Qxd5 Be6 11.
Qxe4 Qd5 12. Qh4+ Kd7 13. c4 1-0

[Event "Mechanics' Summer TNM; G/2 d5"]
[Site "San Francisco"]
[Date "2017.06.06"]
[Round "3.13"]
[White "Gray, William"]
[Black "Shakhnazarov, Oleg"]
[Result "0-1"]
[WhiteElo "1986"]
[BlackElo "2163"]
[Annotator "Donaldson"]
[PlyCount "86"]
[EventDate "2017.??.??"]

1. e4 c5 2. Nf3 Nc6 3. d4 cxd4 4. Nxd4 e5 5. Nxc6 bxc6 6. c4 Nf6 7. Nc3 Bc5 8.
Be2 O-O 9. Qd3 d6 10. Bg5 Rb8 11. Rb1 Be6 12. O-O h6 13. Be3 Nd7 14. Na4 f5 15.
Rbd1 fxe4 16. Qxe4 Bxe3 17. fxe3 Rxf1+ 18. Rxf1 Nf6 19. Qc2 Qe7 20. Bd3 Ng4 21.
Qe2 Qg5 22. Rf3 e4 23. Bxe4 Nxh2 24. Kxh2 Qh4+ 25. Kg1 Qxe4 26. Qd2 Rd8 27. b3
Rd7 28. Nc3 Qg6 29. Rf4 h5 30. Rd4 Bf5 31. c5 d5 32. e4 Bg4 33. exd5 cxd5 34.
Rxd5 Rf7 35. Rd6 Be6 36. Qd3 Rf5 37. Qe4 Kf7 38. Qb7+ Kg8 39. Nd5 Kh7 40. Ne3
$2 (40. Ne7 Qf7 41. Qe4 {wins}) 40... Rf6 41. Rd1 Bg4 42. Nxg4 hxg4 43. Qd5 {
Black later won in mutual time pressure.} Rf5 0-1

[Event "Mechanics' Peter Grey TNM; G/2 d5"]
[Site "San Francisco"]
[Date "2017.08.15"]
[Round "2.38"]
[White "Greene, Sam"]
[Black "Baterdene, Jonathan"]
[Result "1-0"]
[WhiteElo "1507"]
[BlackElo "1152"]
[Annotator "Donaldson"]
[PlyCount "81"]
[EventDate "2017.??.??"]

1. d4 d5 2. Nf3 Nc6 3. c4 e6 4. Nc3 Nf6 5. e3 Bb4 6. a3 Bxc3+ 7. bxc3 Ne4 8.
Qc2 O-O 9. Be2 (9. Bd3) 9... Re8 10. O-O Nf6 11. cxd5 exd5 12. c4 dxc4 13. Bxc4
Bg4 14. Ng5 Nd5 $4 15. Qxh7+ Kf8 16. Qh8+ Ke7 17. Qxg7 Qd6 18. Qxf7+ Kd8 19.
Qxd5 Qxd5 20. Bxd5 Rg8 21. Bxg8 Kd7 22. Bd5 Ne7 23. Bxb7 Rg8 24. h4 c6 25. f3
Bf5 26. e4 Bg6 27. Bb2 Bh5 (27... Rb8) 28. g4 Be8 29. Rac1 Kc7 30. Ba6 Ng6 31.
h5 Nf4 32. Nh7 Ne6 33. Nf6 Rf8 34. Nxe8+ Rxe8 35. d5 Ng5 36. Rxc6+ Kd7 37. Bb5
Kd8 38. Bf6+ Re7 39. Bxg5 a6 40. Ba4 a5 41. d6 1-0